Statistiques concernant Démineur n°1

Cliquez ici pour prendre le quiz!

Statistiques générales

  • Ce quiz a été pris 448 fois
    (415 depuis la dernière actualisation)
  • Le résultat moyen est 12 sur 16

Statistiques - réponses

QuestionTuileSelect% Correct
Trouvez les trois bombes!Numéro du Pokémon BubizarreNon
89%
Trouvez les trois bombes!Numéro atomique de l'hydrogèneNon
87%
Trouvez les trois bombes!Année de naissance du ChristNon
86%
Trouvez les trois bombes!-Non
85%
Trouvez les trois bombes!Nombre de guerres mondiales ayant eu lieu à ce jourNon
85%
Trouvez les trois bombes!Nombre de neveux que possède Donald DuckNon
85%
Trouvez les trois bombes!-Non
84%
Trouvez les trois bombes!-Non
81%
Trouvez les trois bombes!-Non
81%
Trouvez les trois bombes!Nombre de pays commençant par ZNon
81%
Trouvez les trois bombes!-Non
79%
Trouvez les trois bombes!-Non
75%
Trouvez les trois bombes!-Oui
65%
Trouvez les trois bombes!-Oui
63%
Trouvez les trois bombes!-Non
63%
Trouvez les trois bombes!-Oui
41%

Distribution des résultats

Percentile par nombre de réponses

% des personnes avec chaque résultat

Votre développement - résultats

Vous n’avez pas pris ce quiz depuis la dernière actualisation